000 00477nam a2200181Ia 4500
001 7941
005 20260306160532.0
008 260306t2017||||xx |||||||||||||| ||spa||
041 _aESP
082 _a364.019
_bL84
100 _aLoinaz, Ismael
_eAUT
245 0 _aManual de evaluación del riesgo de violencia:
_bmetodología y ámbitos de aplicación
260 _c2017
300 _a253 páginas :
_c24 cm.
650 _aGEN
654 _aCPS
942 _cLIB
_dJUS
_fJUS
_2ddc
_n
999 _c7941
_d7941